Statistiques concernant Massive Pictures Quiz #3 (Heroes TV Series)

Cliquez ici pour prendre le quiz!

Statistiques générales

  • Ce quiz a été pris 10 fois
  • Le résultat moyen est 6 sur 20

Statistiques - réponses

Réponse% Correct
Sylar
100%
Hiro Nakamura
86%
Peter Petrelli
86%
Nathan Petrelli
71%
Claire Bennet
57%
Noé Bennet
57%
Matt Parkman
43%
Mohinder Suresh
43%
Angela Petrelli
29%
L'Haïtien
29%
Micah Sanders
14%
Niki Sanders
14%
Ando Masahashi
0%
Arthur Petrelli
0%
Candice Wilmer
0%
Ella Bishop
0%
Issac Mendez
0%
Maya Herrera
0%
M. Linderman
0%
West Rosen
0%

Distribution des résultats

Percentile par nombre de réponses

% des personnes avec chaque résultat

Votre développement - résultats

Vous n’avez pas pris ce quiz